Teória tvárnenia /

Guardado en:
Detalles Bibliográficos
Autores principales: Blaščík, František (Autor), Polák, Karol, 1932- (Autor)
Formato: Libro
Lenguaje:eslovaco
Publicado: Bratislava : Alfa, 1983
Edición:1.vyd.
Materias:
Acceso en línea:OBSAH
Etiquetas: Agregar Etiqueta
Sin Etiquetas, Sea el primero en etiquetar este registro!

MARC

LEADER 00000nam a22000003a 4500
001 stu34809
005 20220404190203.2
008 920326s1983----cs------------------slo-d
040 |a STU  |b slo 
041 0 |a slo 
044 |a cs 
080 |a 621.77(075.8) 
100 1 |a Blaščík, František  |4 aut 
245 1 |a Teória tvárnenia /  |c [aut.]František Blaščík, Karol Polák 
250 |a 1.vyd. 
260 |a Bratislava :  |b Alfa,  |c 1983 
300 |a 269 s 
650 7 |a tvárnenie objemové  |2 stusub 
650 7 |a teórie  |2 stusub 
700 1 |a Polák, Karol,  |d 1932-  |4 aut  |u M150  |U MTF Ústav výrobných technológií  |T MTF Katedra tvárnenia  |X 3620  |U M150  |Y M150  |7 A000003620 
856 4 |a https://sweb.mtf.stuba.sk/obsahy/Teoria_tvarnenia_83  |u https://sweb.mtf.stuba.sk/obsahy/Teoria_tvarnenia_83  |3 OBSAH 
996 |b 284M048034  |c M*S-21-104  |l MMKN  |s A  |a 24  |w stu34809_0001 
996 |b 284M049758  |c M*S-21-85  |l MMKN  |s A  |a 24  |w stu34809_0002 
996 |b 284M048065  |c M*S-21-22  |l MMKN  |s A  |a 24  |w stu34809_0003 
996 |b 284M048086  |c M*S-21-87  |l MMKN  |s A  |a 24  |w stu34809_0004 
996 |b 284M048085  |c M*S-21-71  |l MMKN  |s A  |a 24  |w stu34809_0005 
996 |b 284M048002  |c M*S-21-90  |l MMKN  |s A  |a 24  |w stu34809_0006